Top 10 największych gospodarek w Azji - Statystyki

Ogólne statystyki
  • Ten quiz został rozwiązany 23 razy
  • Średni wynik to 9 z 10
Statystyki odpowiedzi
PKB Państwo % Poprawnych
30.2 tld Chiny
100%
11.7 tld Indie
100%
6.11 tld Japonia
100%
2.74 tld Korea Południowa
96%
1.48 tld Tajlandia
87%
2.00 tld Arabia Saudyjska
83%
4.00 tld Indonezja
83%
1.57 tld Iran
83%
3.21 tld Turcja
78%
1.60 tld Tajwan
61%
Nie znaleziono quizów pasujących do podanych kryteriów
Rozkład punktacji
Procent ludzi z każdym wynikiem
Percentyl według liczby udzielonych odpowiedzi
Twoja historia wyników
Nie rozwiązałeś tego quizu